[Event "Wch-U20"]
[Site "Copenhagen DEN"]
[Date "1982.??.??"]
[Round "11"]
[White "Garbarino, Rodolfo"]
[Black "Hergott, Deen"]
[Result "1/2-1/2"]
[WhiteElo "2305"]
[BlackElo "2215"]
[PlyCount "144"]
[EventDate "1982.08.12"]
[EventType "tourn"]
[EventRounds "13"]
[EventCountry "DEN"]
[Source "ChessBase"]
[SourceDate "1999.11.18"]

1. e4 c5 2. Nf3 Nc6 3. d4 cxd4 4. Nxd4 Nf6 5. Nc3 e5 6. Ndb5 d6 7. Bg5 a6 8.
Bxf6 gxf6 9. Na3 b5 10. Nd5 f5 11. Nxb5 axb5 12. Bxb5 Bd7 13. exf5 Rb8 14. a4
Qg5 15. O-O Rg8 16. g3 Kd8 17. Ra3 Ne7 18. Bxd7 Kxd7 19. a5 Nxd5 20. Qxd5 Qxf5
21. a6 Be7 22. Rb3 Rxb3 23. cxb3 Qc2 24. Ra1 Qc6 25. Qxf7 Ra8 26. a7 Qb6 27.
Qf5+ Kd8 28. Ra4 Rxa7 29. Rg4 Ra1+ 30. Kg2 Qb7+ 31. f3 Qxb3 32. Qxh7 Qxb2+ 33.
Kh3 Qb1 34. Rg8+ Kd7 35. Qf7 Qf1+ 36. Kg4 Ra4+ 37. f4 Qe2+ 38. Kh3 Qf1+ 39. Kg4
Qd1+ 40. Kh3 Qf1+ 41. Kg4 Qe2+ 42. Kh3 Ra2 43. Re8 Qxh2+ 44. Kg4 Qe2+ 45. Kh3
Qf1+ 46. Kg4 Qd1+ 47. Kh3 Qh1+ 48. Kg4 Qd1+ 49. Kh3 Qf1+ 50. Kg4 Qe2+ 51. Kh3
exf4 52. Rxe7+ Qxe7 53. Qxa2 fxg3 54. Kxg3 Qe3+ 55. Kg2 Qe4+ 56. Kf2 Qd4+ 57.
Ke2 d5 58. Qa6 Qg4+ 59. Kd2 Qf4+ 60. Ke2 Qb4 61. Qf6 Qe4+ 62. Kd2 d4 63. Qf7+
Kc6 64. Qc4+ Kd6 65. Qb4+ Ke6 66. Qb6+ Kf5 67. Qc5+ Kg4 68. Qc8+ Kg3 69. Qg8+
Kf3 70. Qf7+ Qf4+ 71. Qxf4+ Kxf4 72. Kd3 Ke5 1/2-1/2

[Event "Wch-U20"]
[Site "Copenhagen DEN"]
[Date "1982.??.??"]
[Round "13"]
[White "Trifunov, Dimitar"]
[Black "Hergott, Deen"]
[Result "1-0"]
[WhiteElo "2260"]
[BlackElo "2215"]
[PlyCount "133"]
[EventDate "1982.08.12"]
[EventType "tourn"]
[EventRounds "13"]
[EventCountry "DEN"]
[Source "ChessBase"]
[SourceDate "1999.11.18"]

1. c4 b6 2. d4 e6 3. Nc3 Bb7 4. e4 Bb4 5. Bd3 f5 6. Qh5+ g6 7. Qe2 Nf6 8. Bg5
fxe4 9. Bxe4 Bxe4 10. Bxf6 Qxf6 11. Qxe4 Nc6 12. Nf3 Bxc3+ 13. bxc3 O-O 14. O-O
Qf4 15. Qe2 Rf5 16. Rad1 Raf8 17. Rd3 Rh5 18. Re3 Qg4 19. Rd1 Na5 20. h3 Rxh3
21. Re4 Qh5 22. gxh3 Rxf3 23. Rd3 Rxd3 24. Qxd3 Qf5 25. d5 e5 26. Qe2 d6 27. f4
Qxh3 28. fxe5 Qg3+ 29. Kf1 Qh3+ 30. Kf2 dxe5 31. Rxe5 Qh2+ 32. Ke1 Qg3+ 33. Kd1
Qxc3 34. Re8+ Kg7 35. Re7+ Kf6 36. Re6+ Kg7 37. Re7+ Kf6 38. Rxc7 Qa1+ 39. Kd2
Qxa2+ 40. Ke3 Qxe2+ 41. Kxe2 Ke5 42. Kd3 a6 43. Rxh7 b5 44. Re7+ Kd6 45. Re6+
Kc5 46. cxb5 axb5 47. Ke4 b4 48. Re8 b3 49. Rc8+ Kd6 50. Kd4 g5 51. Ra8 Nb7 52.
Ra6+ Kc7 53. Rc6+ Kd7 54. Rb6 Nd6 55. Rxb3 g4 56. Rb8 Ke7 57. Rg8 g3 58. Kc5
Nf5 59. Rg4 Kf6 60. d6 Ke6 61. Rg6+ Kd7 62. Kd5 Ne3+ 63. Kd4 Nf5+ 64. Ke5 Ne3
65. Rg7+ Kc6 66. Rxg3 Nc4+ 67. Ke6 1-0

[Event "Toronto op"]
[Site "Toronto CAN"]
[Date "1982.04.11"]
[Round "5"]
[White "Yee, Lorne"]
[Black "Hergott, Deen"]
[Result "1/2-1/2"]
[WhiteElo "2110"]
[BlackElo "2320"]
[PlyCount "103"]
[EventDate "1982.04.09"]
[EventType "swiss"]
[EventRounds "6"]
[EventCountry "CAN"]

1. Nf3 Nf6 2. d4 e6 3. c4 c5 4. e3 d5 5. cxd5 exd5 6. Be2 Nc6 7. O-O Bd6 8. a3
cxd4 9. Nxd4 O-O 10. Nc3 Re8 11. Ncb5 Bb8 12. Qc2 a6 13. Nxc6 bxc6 14. Nd4 Qd6
15. Nf3 Bg4 16. g3 Ne4 17. Ng5 Bxe2 18. Nxe4 Qe5 19. Qxe2 Qxe4 20. Rd1 Be5 21.
Ra2 a5 22. b3 Reb8 23. Qc2 Qg6 24. Qd3 Rb6 25. Bb2 Qf6 26. Bd4 Bxd4 27. exd4
Rab8 28. Rb2 Qe7 29. Ra1 c5 30. Qc3 c4 31. Qxa5 Rb5 32. Qa6 Rxb3 33. Rxb3 cxb3
34. Rb1 g6 35. Rb2 Qe1+ 36. Qf1 Qa5 37. Qa1 Re8 38. Kf1 Qb5+ 39. Kg2 Qa4 40.
Rb1 Rb8 41. Qb2 Kg7 42. Kf3 Rb6 43. h4 Rf6+ 44. Kg2 Rb6 45. Kf3 h5 46. Rc1 Ra6
47. Ra1 Rf6+ 48. Kg2 Rc6 49. Rb1 Rb6 50. Kg1 Rb7 51. Kg2 Rb6 52. Kg1 1/2-1/2

[Event "Toronto Closed"]
[Site "Toronto CAN"]
[Date "1982.02.??"]
[Round "1"]
[White "Hergott, Deen"]
[Black "Kilgour, Ian"]
[Result "1-0"]
[WhiteElo "2216"]
[BlackElo "2240"]
[PlyCount "47"]
[EventDate "1982.02.??"]
[EventType "tourn"]
[EventRounds "11"]
[EventCountry "CAN"]

1. c4 Nf6 2. Nc3 e5 3. Nf3 Nc6 4. e3 Bb4 5. Qc2 Bxc3 6. Qxc3 Qe7 7. a3 d5 8.
cxd5 Nxd5 9. Qc2 O-O 10. b4 Bg4 11. Bb2 Rad8 12. b5 Nd4 13. Nxd4 exd4 14. Bxd4
Rfe8 15. Bd3 Nf4 16. O-O Rxd4 17. exd4 Qg5 18. g3 Bf3 19. h4 Qh6 20. Rfe1 Ne6
21. Be4 Qf6 22. Bxf3 Qxf3 23. Qe4 Qb3 24. d5 1-0

[Event "Toronto Closed"]
[Site "Toronto CAN"]
[Date "1982.02.??"]
[Round "2"]
[White "Van Leusden, Jacques"]
[Black "Hergott, Deen"]
[Result "0-1"]
[WhiteElo "2066"]
[BlackElo "2216"]
[PlyCount "86"]
[EventDate "1982.02.??"]
[EventType "tourn"]
[EventRounds "11"]
[EventCountry "CAN"]

1. e4 c5 2. f4 g6 3. Nf3 Bg7 4. Nc3 Nc6 5. Bb5 Nd4 6. Nxd4 cxd4 7. Ne2 a6 8.
Bc4 b5 9. Bb3 Bb7 10. d3 Nh6 11. f5 e6 12. O-O gxf5 13. Ng3 Qh4 14. Nh5 Be5 15.
Bf4 Bxf4 16. Rxf4 Ng4 17. h3 Qxh5 18. hxg4 fxg4 19. Qe2 Rg8 20. g3 Qh3 21. Qf2
f5 22. Rxf5 exf5 23. Bxg8 O-O-O 24. Bd5 Bxd5 25. exd5 h5 26. a4 b4 27. c3 h4
28. cxb4 hxg3 29. Rc1+ Kb8 30. Qc2 Qh2+ 31. Qxh2 gxh2+ 32. Kxh2 f4 33. Rc4 Rh8+
34. Kg2 Rh3 35. Rxd4 f3+ 36. Kf2 Rh2+ 37. Kg3 Rg2+ 38. Kh4 f2 39. Rf4 Kc7 40.
Kg5 g3 41. b5 axb5 42. axb5 Rg1 43. d6+ Kxd6 0-1

[Event "Toronto Closed"]
[Site "Toronto CAN"]
[Date "1982.02.??"]
[Round "3"]
[White "Hergott, Deen"]
[Black "Morrison, Robert"]
[Result "0-1"]
[WhiteElo "2216"]
[BlackElo "2341"]
[PlyCount "78"]
[EventDate "1982.02.??"]
[EventType "tourn"]
[EventRounds "11"]
[EventCountry "CAN"]

1. d4 Nf6 2. c4 g6 3. Nc3 Bg7 4. e4 d6 5. Nf3 O-O 6. Be3 c5 7. h3 cxd4 8. Nxd4
Nc6 9. Be2 Bd7 10. O-O a5 11. f4 Nxd4 12. Bxd4 Bc6 13. Bf3 e5 14. fxe5 dxe5 15.
Bxe5 Re8 16. Qxd8 Raxd8 17. Bc7 Rd2 18. Rad1 Rxb2 19. e5 Nh5 20. Bxc6 bxc6 21.
Rd7 f5 22. g4 Ng3 23. Rf2 Rb7 24. Kg2 Bxe5 25. Bxe5 Rxd7 26. Bxg3 Rd3 27. Ne2
fxg4 28. hxg4 Rd2 29. Nc3 Rd4 30. Rf4 Rd3 31. Rf3 Ree3 32. Rxe3 Rxe3 33. Na4
Ra3 34. Nb6 a4 35. Bd6 Rxa2+ 36. Kf3 Kf7 37. Ke4 Ke6 38. Bc5 a3 39. Kd3 Rg2 0-1

[Event "Toronto Closed"]
[Site "Toronto CAN"]
[Date "1982.02.??"]
[Round "4"]
[White "Hergott, Deen"]
[Black "Kleinplatz, Sam"]
[Result "1/2-1/2"]
[WhiteElo "2216"]
[BlackElo "2219"]
[PlyCount "72"]
[EventDate "1982.02.??"]
[EventType "tourn"]
[EventRounds "11"]
[EventCountry "CAN"]

1. e4 c5 2. g3 Nc6 3. Bg2 e5 4. Nc3 d6 5. d3 g6 6. Nh3 Bg7 7. f4 Nge7 8. O-O
O-O 9. f5 gxf5 10. exf5 Bxf5 11. Rxf5 Nxf5 12. Be4 Ncd4 13. Qg4 Qc8 14. Nd5 Kh8
15. c3 Nh6 16. Qxc8 Raxc8 17. cxd4 f5 18. Bxh6 Bxh6 19. Bxf5 Rxf5 20. Ne7 Rcf8
21. Nxf5 Rxf5 22. dxc5 Be3+ 23. Kg2 Bxc5 24. Rf1 Rxf1 25. Kxf1 Bd4 26. b3 h6
27. Nf2 d5 28. Ng4 Kg7 29. Ke2 Kg6 30. Ne3 Bxe3 31. Kxe3 Kf5 32. h3 h5 33. Kf3
b5 34. Ke3 b4 35. Kf3 Kg5 36. Ke3 Kf5 1/2-1/2

[Event "Toronto Closed"]
[Site "Toronto CAN"]
[Date "1982.02.??"]
[Round "5"]
[White "Buchholz, Martin"]
[Black "Hergott, Deen"]
[Result "1-0"]
[WhiteElo "2306"]
[BlackElo "2216"]
[PlyCount "69"]
[EventDate "1982.02.??"]
[EventType "tourn"]
[EventRounds "11"]
[EventCountry "CAN"]

1. d4 Nf6 2. c4 c5 3. d5 e6 4. Nc3 exd5 5. cxd5 d6 6. e4 g6 7. Nf3 Bg7 8. Be2
O-O 9. O-O Re8 10. Nd2 Na6 11. f3 Nc7 12. a4 b6 13. Nc4 Ba6 14. Bg5 h6 15. Be3
Bxc4 16. Bxc4 a6 17. Qd2 Kh7 18. Rab1 Rb8 19. b4 b5 20. axb5 axb5 21. Be2 c4
22. Bd1 Re7 23. Bc2 Qh8 24. Nd1 Ra8 25. Bb6 Ra6 26. Ba5 Nce8 27. g4 Ra8 28. h4
Nd7 29. f4 Bf6 30. g5 Bd4+ 31. Kg2 h5 32. Rf3 Nb6 33. Nc3 Nc7 34. Ne2 Nbxd5 35.
Nxd4 1-0

[Event "Toronto Closed"]
[Site "Toronto CAN"]
[Date "1982.02.??"]
[Round "7"]
[White "Lavin, David"]
[Black "Hergott, Deen"]
[Result "1-0"]
[WhiteElo "2191"]
[BlackElo "2216"]
[PlyCount "56"]
[EventDate "1982.02.??"]
[EventType "tourn"]
[EventRounds "11"]
[EventCountry "CAN"]

1. d4 e6 2. c4 b6 3. Nc3 Bb4 4. e3 c5 5. Nge2 Bb7 6. a3 Ba5 7. Qb3 d6 8. d5
exd5 9. cxd5 Nf6 10. e4 O-O 11. f3 Re8 12. Kf2 a6 13. a4 b5 14. axb5 c4 15. Qd1
axb5 16. Be3 Nbd7 17. Nxb5 Bb6 18. Rxa8 Bxe3+ 19. Kxe3 Bxa8 20. Nec3 Ne5 21.
Be2 h5 22. Rf1 Nfd7 23. Qd4 Nc5 24. Bxc4 f5 25. b4 fxe4 26. f4 Nxc4+ 27. Qxc4
Nd3 28. Nxe4 Nb2 1-0

[Event "Toronto Closed"]
[Site "Toronto CAN"]
[Date "1982.02.??"]
[Round "8"]
[White "Hergott, Deen"]
[Black "Findlay, Ian"]
[Result "1-0"]
[WhiteElo "2216"]
[BlackElo "2250"]
[PlyCount "65"]
[EventDate "1982.02.??"]
[EventType "tourn"]
[EventRounds "11"]
[EventCountry "CAN"]

1. Nf3 c5 2. c4 Nf6 3. Nc3 d5 4. cxd5 Nxd5 5. e4 Nb4 6. Bb5+ N8c6 7. d4 cxd4 8.
a3 dxc3 9. Qxd8+ Kxd8 10. axb4 c2 11. Bxc6 bxc6 12. Ne5 Ke8 13. Kd2 f6 14. Nd3
e5 15. Kxc2 Be6 16. Be3 Bc4 17. Bxa7 Rd8 18. Rhd1 Bd6 19. Bb6 Rb8 20. Bc5 Bc7
21. Ra7 Rc8 22. b3 Bb5 23. Nb2 h5 24. Nc4 Rh6 25. Rxc7 Rxc7 26. Nd6+ Kd8 27.
Nf7+ Ke8 28. Nd6+ Kd8 29. Bb6 Be2 30. Rd2 Bf1 31. Nf5+ Kc8 32. Nxh6 Rb7 33.
Rd8# 1-0

[Event "Toronto Closed"]
[Site "Toronto CAN"]
[Date "1982.02.??"]
[Round "9"]
[White "Day, Lawrence"]
[Black "Hergott, Deen"]
[Result "1/2-1/2"]
[WhiteElo "2439"]
[BlackElo "2216"]
[PlyCount "98"]
[EventDate "1982.02.??"]
[EventType "tourn"]
[EventRounds "11"]
[EventCountry "CAN"]

1. g3 d5 2. Nf3 Nf6 3. Bg2 c6 4. O-O Bg4 5. b3 e6 6. Bb2 Nbd7 7. h3 Bxf3 8.
exf3 Bd6 9. f4 O-O 10. Re1 a5 11. a4 Qb8 12. Qe2 Bc7 13. d3 Re8 14. d4 h5 15.
h4 Ng4 16. Nd2 Ndf6 17. Bh3 Bb6 18. Qd3 g6 19. Nf3 Kg7 20. Ne5 Nxe5 21. fxe5
Ng8 22. Bc1 Qa7 23. c3 c5 24. Rd1 Rac8 25. Rb1 cxd4 26. cxd4 Rc7 27. Bb2 Rec8
28. Rd2 Rc6 29. Kh2 Qb8 30. g4 hxg4 31. Bxg4 Nf6 32. Bf3 Rh8 33. Kh3 Nh5 34.
Qe3 Bd8 35. Rg1 Be7 36. Rg4 Qd8 37. Be2 Kf8 38. Bb5 Rc8 39. Qf3 Ng7 40. Rxg6
Nf5 41. Rg4 Nxh4 42. Qd1 Nf3+ 43. Kg2 Nxd2 44. Qxd2 Qc7 45. Ba3 Rh5 46. Qf4
Bxa3 47. Rg8+ Kxg8 48. Qg4+ Kf8 49. Qxh5 Qc2 1/2-1/2

[Event "Toronto Closed"]
[Site "Toronto CAN"]
[Date "1982.02.??"]
[Round "10"]
[White "Hergott, Deen"]
[Black "Nickoloff, Bryon"]
[Result "0-1"]
[WhiteElo "2216"]
[BlackElo "2343"]
[PlyCount "79"]
[EventDate "1982.02.??"]
[EventType "tourn"]
[EventRounds "11"]
[EventCountry "CAN"]

1. e4 e5 2. Bc4 Nf6 3. d3 Nc6 4. Nf3 Be7 5. c3 O-O 6. Nbd2 d6 7. Bb3 Nd7 8. Nf1
Nc5 9. Bd5 Bf6 10. b4 Ne6 11. Ng3 Nf4 12. Bxf4 exf4 13. Ne2 g5 14. h3 Ne7 15.
Bb3 Ng6 16. a4 Kg7 17. Qd2 h5 18. d4 Rh8 19. O-O-O g4 20. hxg4 hxg4 21. Rxh8
Qxh8 22. e5 Be7 23. Nxf4 gxf3 24. gxf3 Qh6 25. Rg1 dxe5 26. Bxf7 Kxf7 27. Nxg6
Qxd2+ 28. Kxd2 exd4 29. Nxe7 dxc3+ 30. Kxc3 Kxe7 31. Rg8 b6 32. Kd4 Kd6 33. b5
a6 34. bxa6 c5+ 35. Ke3 Kc7 36. f4 Rxa6 37. Rg7+ Kd6 38. Rg6+ Kd5 39. Rg5+ Ke6
40. Rg6+ 0-1

[Event "Toronto Closed"]
[Site "Toronto CAN"]
[Date "1982.02.??"]
[Round "11"]
[White "Kourkounakis, Ilias"]
[Black "Hergott, Deen"]
[Result "1-0"]
[WhiteElo "2246"]
[BlackElo "2216"]
[PlyCount "85"]
[EventDate "1982.02.??"]
[EventType "tourn"]
[EventRounds "11"]
[EventCountry "CAN"]

1. Nf3 c5 2. g3 b6 3. Bg2 Bb7 4. O-O Nf6 5. c4 g6 6. d3 Bg7 7. a3 O-O 8. Nbd2
d6 9. Rb1 Nbd7 10. Qc2 Ne8 11. b4 Rb8 12. Bb2 e5 13. bxc5 dxc5 14. a4 a5 15.
Ne1 f5 16. Bd5+ Kh8 17. Ng2 Nef6 18. e4 f4 19. Bc3 Bc8 20. Nf3 Nh5 21. Kh1 Qe7
22. Rb2 g5 23. Qd1 Ndf6 24. Bxe5 Bg4 25. Bc3 Bxf3 26. Qxf3 fxg3 27. Qe2 Qd7 28.
f3 Qh3 29. Ne3 Nf4 30. Qd1 N4h5 31. Be1 g4 32. Rg1 Nxd5 33. cxd5 Rxf3 34. Nf5
Rf8 35. Rbg2 Nf4 36. Rxg3 Rxg3 37. Bxg3 h5 38. Qd2 Ng6 39. Qg5 Kh7 40. Nh4 Nxh4
41. Qxh5+ Kg8 42. Qxh4 Qxh4 43. Bxh4 {... (64 moves)} 1-0

[Event "CAN-ch U20 1981"]
[Site "Vancouver CAN"]
[Date "1981.12.??"]
[Round "?"]
[White "Hergott, Deen"]
[Black "Bailey, Doug"]
[Result "1-0"]
[WhiteElo "2204"]
[BlackElo "2120"]
[PlyCount "91"]
[EventDate "1981.12.21"]
[EventType "tourn"]
[EventRounds "11"]
[EventCountry "CAN"]

1. d4 Nf6 2. c4 g6 3. Nc3 d5 4. cxd5 Nxd5 5. e4 Nxc3 6. bxc3 Bg7 7. Nf3 O-O 8.
Be2 c5 9. Rb1 Qa5 10. Rb5 Qxa2 11. Rxc5 a5 12. Bc4 Qb1 13. O-O Bd7 14. Ne5 Bxe5
15. dxe5 a4 16. e6 Bxe6 17. Bxe6 fxe6 18. Qd4 Nc6 19. Rxc6 bxc6 20. Bh6 Qxf1+
21. Kxf1 Rf6 22. Qc4 Kf7 23. Qxc6 Ra5 24. Qc7 Ra8 25. Bg5 a3 26. Bxf6 Kxf6 27.
Qb7 Ra5 28. Qb4 Ra8 29. e5+ Kf7 30. Qb1 a2 31. Qa1 Ke8 32. Ke2 Kd7 33. Kd3 Ra4
34. Kc2 Kc6 35. Kb3 Ra5 36. f4 Kd5 37. c4+ Kc5 38. Qg1+ Kc6 39. Qa1 Kc5 40. g3
h5 41. h4 Ra6 42. Qg1+ Kc6 43. Qg2+ Kc5 44. Qf2+ Kc6 45. Qxa2 Rxa2 46. Kxa2 1-0

[Event "CAN-ch U20 1981"]
[Site "Vancouver CAN"]
[Date "1981.12.??"]
[Round "?"]
[White "Hergott, Deen"]
[Black "Graham, Robert"]
[Result "1-0"]
[WhiteElo "2204"]
[BlackElo "2040"]
[PlyCount "47"]
[EventDate "1981.12.21"]
[EventType "tourn"]
[EventRounds "11"]
[EventCountry "CAN"]

1. d4 Nf6 2. c4 e6 3. Nf3 b6 4. a3 Bb7 5. Nc3 Ne4 6. Nxe4 Bxe4 7. Nd2 f5 8.
Nxe4 fxe4 9. e3 Qf6 10. Qc2 Qg6 11. g3 c6 12. d5 exd5 13. cxd5 cxd5 14. Qc8+
Kf7 15. Bd2 Qc6 16. Rc1 Qxc8 17. Rxc8 a5 18. Bb5 Ke7 19. Bc3 h5 20. f3 exf3 21.
O-O Rg8 22. Rxf3 g6 23. Bf6+ Ke6 24. Bd4 1-0

[Event "CAN-ch U20 1981"]
[Site "Vancouver CAN"]
[Date "1981.12.??"]
[Round "?"]
[White "Hergott, Deen"]
[Black "Lee, Marvin"]
[Result "1-0"]
[WhiteElo "2204"]
[BlackElo "1918"]
[PlyCount "55"]
[EventDate "1981.12.21"]
[EventType "tourn"]
[EventRounds "11"]
[EventCountry "CAN"]

1. e4 c5 2. Nf3 d6 3. Bb5+ Bd7 4. Bxd7+ Nxd7 5. O-O Ngf6 6. Qe2 g6 7. c3 Bg7 8.
d4 O-O 9. Rd1 Qc7 10. h3 e5 11. dxe5 dxe5 12. a4 Rfd8 13. Bg5 h6 14. Bh4 g5 15.
Bg3 Nh5 16. Na3 a6 17. Nc4 Nf4 18. Bxf4 exf4 19. a5 Ne5 20. Nfxe5 Bxe5 21. Rd5
Rxd5 22. exd5 Bd6 23. h4 Kg7 24. Re1 Rd8 25. hxg5 hxg5 26. Qh5 f6 27. Re6 Rh8
28. Nxd6 1-0

[Event "CAN-ch U20 1981"]
[Site "Vancouver CAN"]
[Date "1981.12.21"]
[Round "1"]
[White "Hergott, Deen"]
[Black "Bolduc, Steve"]
[Result "0-1"]
[WhiteElo "2204"]
[BlackElo "2067"]
[PlyCount "116"]
[EventDate "1981.12.21"]
[EventType "tourn"]
[EventRounds "11"]
[EventCountry "CAN"]

1. e4 e5 2. Nc3 Nf6 3. f4 d5 4. fxe5 Nxe4 5. d3 Nxc3 6. bxc3 Be7 7. Nf3 Bg4 8.
Rb1 O-O 9. Be2 Nd7 10. d4 f6 11. O-O fxe5 12. Nxe5 Rxf1+ 13. Kxf1 Nxe5 14. Bxg4
Nxg4 15. Qxg4 Qd6 16. Kg1 Rf8 17. Qe2 Bh4 18. Bd2 b6 19. g3 Bf6 20. Re1 Rf7 21.
Qa6 c5 22. Re8+ Rf8 23. Rxf8+ Qxf8 24. Qxa7 cxd4 25. Qxb6 dxc3 26. Be3 Qe8 27.
Kf2 Qe4 28. Qb3 Kf7 29. a4 Kg6 30. h4 d4 31. h5+ Kxh5 32. Qf7+ Kg4 33. Qd7+
Qf5+ 34. Qxf5+ Kxf5 35. Bc1 Ke4 36. Ke2 h5 37. a5 Be5 38. a6 Bb8 39. Bf4 Ba7
40. Bg5 Kf5 41. Bd8 Ke4 42. Be7 g6 43. Bd8 Kf5 44. Kd3 g5 45. Be7 g4 46. Bd8
Ke5 47. Bg5 Kd5 48. Bf6 Bc5 49. Be7 Ba7 50. Bf6 Kc6 51. Ke4 Kb5 52. Kf4 Kxa6
53. Kg5 d3 54. Bxc3 Be3+ 55. Kxh5 dxc2 56. Bb2 Kb5 57. Kxg4 Kb4 58. Kf3 Kb3 0-1

[Event "CAN-ch U20 1981"]
[Site "Vancouver CAN"]
[Date "1981.12.26"]
[Round "6"]
[White "Hergott, Deen"]
[Black "Liitoja, Ingvar"]
[Result "0-1"]
[WhiteElo "2204"]
[BlackElo "2088"]
[PlyCount "108"]
[EventDate "1981.12.21"]
[EventType "tourn"]
[EventRounds "11"]
[EventCountry "CAN"]

1. c4 e5 2. Nc3 Nc6 3. Nf3 f5 4. d4 e4 5. Bg5 Nf6 6. Nd2 Be7 7. e3 O-O 8. a3 h6
9. Bxf6 Bxf6 10. Qc2 d6 11. O-O-O Ne7 12. f4 exf3 13. Nxf3 a6 14. Bd3 Rb8 15.
e4 fxe4 16. Bxe4 b5 17. cxb5 axb5 18. Rhg1 b4 19. axb4 Nf5 20. Nd5 c6 21. Nxf6+
Qxf6 22. g4 Nh4 23. Rdf1 Ba6 24. Bh7+ Kh8 25. Nxh4 Qxf1+ 26. Rxf1 Rxf1+ 27. Kd2
Rf2+ 28. Kc3 Rxc2+ 29. Bxc2 Re8 30. Nf5 d5 31. h4 g6 32. Nxh6 Kg7 33. g5 Re3+
34. Kd2 Re2+ 35. Kc3 Rh2 36. Ng4 Rh3+ 37. Kd2 Rxh4 38. Ne5 Rxd4+ 39. Kc3 Rh4
40. Kd2 Rxb4 41. Nxc6 Rxb2 42. Kc3 Rb7 43. Nd4 Rc7+ 44. Kd2 Re7 45. Bd1 Re4 46.
Kc3 Re3+ 47. Kc2 Bc8 48. Kd2 Rg3 49. Nf3 Bg4 50. Ke3 Bxf3 51. Bxf3 Kf7 52. Kf4
Rxf3+ 53. Kxf3 Ke6 54. Kf4 Kd6 0-1

[Event "CAN-ch U20 1981"]
[Site "Vancouver CAN"]
[Date "1981.12.31"]
[Round "11"]
[White "O'Donnell, Tom"]
[Black "Hergott, Deen"]
[Result "0-1"]
[WhiteElo "2012"]
[BlackElo "2204"]
[PlyCount "106"]
[EventDate "1981.12.21"]
[EventType "tourn"]
[EventRounds "11"]
[EventCountry "CAN"]

1. e4 c5 2. Nc3 e6 3. d3 d5 4. g3 Nf6 5. Bg2 Be7 6. Bd2 O-O 7. f4 Nc6 8. Nf3
Rb8 9. a4 a6 10. O-O b5 11. axb5 axb5 12. e5 Ne8 13. Ne2 f5 14. h3 d4 15. g4 g6
16. Ng3 Bb7 17. g5 Nc7 18. h4 Ra8 19. Qe2 Nd5 20. h5 Kg7 21. Nh4 Rh8 22. Kf2 c4
23. Kg1 Bc5 24. Kh2 c3 25. Rxa8 Bxa8 26. Bxd5 Qxd5 27. bxc3 dxc3 28. Bxc3 b4
29. Bb2 Nd4 30. Qd2 Rc8 31. Ne2 Nxc2 32. d4 b3 33. h6+ Kg8 34. Nf3 Bb4 35. Bc3
Bxc3 36. Nxc3 Qc4 37. Ne2 Be4 38. Nfg1 Bd3 39. Rc1 b2 40. Rb1 Qa2 41. Nc3 Qb3
42. Nd1 Ne3 43. Qxe3 Qc2+ 44. Ne2 Qxb1 45. Nxb2 Qxb2 46. Qxd3 Rc2 47. Qf3 Rxe2+
48. Kg3 Re4 49. d5 Qc1 50. d6 Qg1+ 51. Kh3 Re3 52. Kh4 Qh2+ 53. Qh3 Rxh3# 0-1

[Event "Scarborough op"]
[Site "Scarborough CAN"]
[Date "1981.11.28"]
[Round "2"]
[White "Hergott, Deen"]
[Black "Pacey, Kevin"]
[Result "1-0"]
[WhiteElo "2192"]
[BlackElo "2057"]
[PlyCount "63"]
[EventDate "1981.11.27"]
[EventType "swiss"]
[EventRounds "5"]
[EventCountry "CAN"]

1. e4 e5 2. Nf3 Nc6 3. Bb5 a6 4. Ba4 Nf6 5. O-O Be7 6. Re1 b5 7. Bb3 O-O 8. c3
d6 9. d4 Bg4 10. d5 Na5 11. Bc2 c6 12. h3 Bh5 13. b4 Nc4 14. Nbd2 cxd5 15. exd5
Nb6 16. a4 Nbxd5 17. Bb2 Nf4 18. Qb1 Qc7 19. Ng5 h6 20. Nge4 Nxe4 21. Nxe4 Ne2+
22. Kf1 d5 23. g4 Nf4 24. gxh5 dxe4 25. Rxe4 Nxh3 26. c4 bxc4 27. Bxe5 Bd6 28.
Bxd6 Qxd6 29. Ra3 Qh2 30. Qe1 Qh1+ 31. Ke2 Qxe4+ 32. Bxe4 1-0

[Event "Labour Day op"]
[Site "Toronto CAN"]
[Date "1981.09.07"]
[Round "7"]
[White "Hergott, Deen"]
[Black "Day, Lawrence"]
[Result "1-0"]
[WhiteElo "2142"]
[BlackElo "2416"]
[PlyCount "97"]
[EventDate "1981.09.05"]
[EventType "swiss"]
[EventRounds "7"]
[EventCountry "CAN"]

1. d4 d5 2. c4 e6 3. Nc3 c6 4. Nf3 Nf6 5. Bg5 Nbd7 6. e3 Qa5 7. Bxf6 Nxf6 8.
Bd3 dxc4 9. Bxc4 Ne4 10. Qc2 Nxc3 11. bxc3 Bd6 12. Bd3 h6 13. O-O O-O 14. Nd2
Qc7 15. f4 c5 16. Nc4 Rd8 17. Rac1 Rb8 18. Qe2 b6 19. Qh5 Bf8 20. Ne5 g6 21.
Qh4 Bg7 22. Nc6 g5 23. fxg5 Qxc6 24. gxh6 Bb7 25. Rf3 Bh8 26. Qe7 Qxf3 27. gxf3
Re8 28. Qg5+ Kf8 29. Kf2 Red8 30. Rg1 cxd4 31. cxd4 Rbc8 32. h7 Ke8 33. Bb5+
Bc6 34. Qh5 Bxb5 35. Qxb5+ Ke7 36. Qb4+ Kd7 37. Qa4+ Kd6 38. Rd1 Bf6 39. e4 Ke7
40. Qxa7+ Rd7 41. Qa3+ Ke8 42. e5 Rc2+ 43. Ke3 Bg5+ 44. f4 Rxh2 45. Rh1 Bxf4+
46. Kxf4 Rxd4+ 47. Ke3 Rdh4 48. Rxh2 Rxh2 49. h8=Q+ 1-0

[Event "Toronto op"]
[Site "Toronto CAN"]
[Date "1981.??.??"]
[Round "?"]
[White "Sams, R."]
[Black "Hergott, Deen"]
[Result "1-0"]
[WhiteElo "2192"]
[BlackElo "2220"]
[PlyCount "75"]
[EventDate "1981.04.17"]
[EventType "swiss"]
[EventRounds "6"]
[EventCountry "CAN"]

1. d4 Nf6 2. c4 g6 3. Nc3 d5 4. Nf3 Bg7 5. cxd5 Nxd5 6. e4 Nxc3 7. bxc3 O-O 8.
Be3 c5 9. Rc1 Qa5 10. Qd2 Bg4 11. d5 Bxf3 12. gxf3 c4 13. Bg5 Re8 14. Be2 Nd7
15. O-O b5 16. f4 Nc5 17. Qe3 Qc7 18. Rfd1 f6 19. Bh4 Bh6 20. Bg3 e5 21. d6 Qc6
22. Rd5 Ne6 23. d7 Re7 24. Rcd1 Rd8 25. Qxa7 exf4 26. Bh4 g5 27. Bg4 gxh4 28.
Bf5 Kh8 29. Rd6 Qc5 30. Qxc5 Nxc5 31. Rc6 Nd3 32. Rc8 Rg7+ 33. Kf1 Rgg8 34. f3
Bg5 35. Rb1 Kg7 36. Rxb5 Ne5 37. Rbb8 Nf7 38. a4 1-0

[Event "Toronto op"]
[Site "Toronto CAN"]
[Date "1981.04.17"]
[Round "1"]
[White "Brodie, Hugh"]
[Black "Hergott, Deen"]
[Result "0-1"]
[WhiteElo "1900"]
[BlackElo "2128"]
[PlyCount "120"]
[EventDate "1981.04.17"]
[EventType "swiss"]
[EventRounds "6"]
[EventCountry "CAN"]

1. e4 c5 2. Nf3 d6 3. d3 g6 4. g3 Bg7 5. Bg2 Nc6 6. O-O e6 7. Nc3 Nge7 8. Nh4
O-O 9. f4 f5 10. exf5 exf5 11. Nd5 Be6 12. Nxe7+ Qxe7 13. Re1 Qd7 14. c3 Kh8
15. Qa4 Rab8 16. Be3 b5 17. Qc2 b4 18. Bf2 Rfe8 19. Nf3 Bd5 20. Kf1 a5 21.
Rxe8+ Rxe8 22. Re1 Rxe1+ 23. Nxe1 Bxg2+ 24. Nxg2 Qe6 25. c4 Nd4 26. Bxd4 Bxd4
27. b3 Qe8 28. Qe2 Qa8 29. Ke1 a4 30. bxa4 Qxa4 31. Ne3 Qe8 32. Nd5 Qxe2+ 33.
Kxe2 Kg7 34. Ne3 Kf7 35. Nc2 Bc3 36. Ne3 Ke6 37. Nd1 Bd4 38. Ne3 Kd7 39. Nc2
Bc3 40. Ke3 Kc6 41. h3 Kb6 42. g4 Ka5 43. Ke2 Bd4 44. gxf5 gxf5 45. Kf3 Ka4 46.
Ke2 h6 47. Kf3 Bc3 48. Ke2 h5 49. Kd1 Bg7 50. Ke2 Bb2 51. Kd2 Bd4 52. Ke2 Bg1
53. Kf3 Bh2 54. Ke3 h4 55. Kf3 Bg3 56. Ne3 Ka3 57. Nxf5 Kxa2 58. Nxd6 b3 59.
Ne4 Be1 60. Ke2 Bb4 0-1

[Event "Toronto Closed"]
[Site "Toronto CAN"]
[Date "1981.03.01"]
[Round "7"]
[White "Hergott, Deen"]
[Black "Kuznecov, Alex"]
[Result "1-0"]
[WhiteElo "2195"]
[BlackElo "2099"]
[PlyCount "51"]
[EventDate "1981.02.07"]
[EventType "tourn"]
[EventRounds "11"]
[EventCountry "CAN"]

1. c4 g6 2. d4 Bg7 3. Nc3 Nf6 4. e4 d6 5. Nf3 O-O 6. Be2 e5 7. Be3 exd4 8. Nxd4
Re8 9. f3 c6 10. O-O d5 11. cxd5 cxd5 12. Qb3 Nc6 13. Rad1 Qa5 14. Ndb5 dxe4
15. Nd6 Re7 16. Nc4 Qf5 17. fxe4 Qe6 18. Rd6 Na5 19. Rxe6 Bxe6 20. Qb4 Nxc4 21.
Bxc4 Bxc4 22. Qxe7 Ng4 23. Qxb7 Rd8 24. Qc7 Rf8 25. Qxc4 Nxe3 26. Qd3 1-0